Pokemon - Single type or Dual type ? #1 - Click Quiz - Statistics

General Stats
  • This quiz has been taken 7 times
  • The average score is 37 of 51
Answer Stats
Hint Answer % Correct
Heracross (214) Dual
100%
Baltoy (343) Dual
100%
Tranquill (520) Dual
100%
Aegislash (681) Dual
100%
Steelix (208) Dual
100%
Honedge (679) Dual
100%
Graveler (75) Dual
100%
Jolteon (135) Single
100%
Slowpoke (79) Dual
80%
Angoliath (861) Dual
80%
Vicavolt (738) Dual
80%
Fletchinder (662) Dual
80%
Ivysaur (2) Dual
80%
Joltik (595) Dual
80%
Honchkrow (430) Dual
80%
Dewpider (751) Dual
80%
Cradily (346) Dual
80%
Victini (494) Dual
80%
Lunala (782) Dual
80%
Golett (622) Dual
80%
Vulpix (37) Single
80%
Rapidash (78) Single
80%
Porygon2 (233) Single
80%
Mienfoo (619) Single
80%
Darkrai (491) Single
80%
Phione (489) Single
80%
Magmortar (467) Single
80%
Eelektross (604) Single
80%
Cubone (104) Single
80%
Raticate (20) Single
80%
Machoke (67) Single
80%
Breloom (286) Dual
60%
Mime Jr. (439) Dual
60%
Geodude (74) Dual
60%
Etourvol (387) Dual
60%
Sharpedo (319) Dual
60%
Démétéros (645) Dual
60%
Octillery (224) Single
60%
Elekid (239) Single
60%
Komala (775) Single
60%
Drowzee (96) Single
60%
Marowak (105) Single
60%
Skiddo (672) Single
60%
Karaclée (539) Single
60%
Pandespiègle (674) Single
60%
Purrloin (509) Single
60%
Azurill (298) Dual
40%
Grotle (388) Single
40%
Nucléos (577) Single
40%
Slugma (218) Single
40%
Deoxys (386) Single
40%
No matching quizzes found
Score Distribution
Percent of People with Each Score
Percentile by Number Answered
Your Score History
You have not taken this quiz